| 000 | 00938nam a2200253 i 4500 | ||
|---|---|---|---|
| 001 | bg | ||
| 100 | 1 | _aBŁAŻEJCZYK-OKOLEWSKA, Barbara | |
| 245 | 1 | 0 |
_aKlasyfikacja układów mechanicznych ze zderzeniami / _cBarbara Błażejczyk-Okolewska. |
| 260 |
_aŁódź : _bWydaw. PŁ, _c2005. |
||
| 300 |
_a117 s. : _brys. ; _c24 cm. |
||
| 490 | 1 |
_aZeszyty Naukowe / Politechnika Łódzka. Rozprawy Naukowe, _x0137-4834 ; _vz. 343 |
|
| 500 | _aNumer serii gł.: 956. - Na s. red. odmienny tyt. serii : Zeszyty Naukowe Politechniki Łódzkiej. | ||
| 500 | _aStreszcz. ang. | ||
| 500 | _aZeszyty Naukowe Politechniki Łódzkiej. | ||
| 504 | _aBibliogr. | ||
| 650 | 9 |
_aDrgania _xmechanika _xteoria |
|
| 650 | 9 |
_aMaszyny _xmechanika _xteoria |
|
| 830 | 0 |
_aZeszyty Naukowe (Politechnika Łódzka). _pRozprawy Naukowe |
|
| 040 | _cBPK | ||
| 041 | 0 |
_apol _beng |
|
| 080 | _a534:621.01 | ||
| 942 | _cKS | ||
| 008 | s pl f |000 0 pol | ||
| 999 |
_c51535 _d51535 |
||
| 856 |
_uhttp://koha.tu.koszalin.pl/cgi-bin/koha/opac-detail.pl?biblionumber=51535 _yKatalog online BPK |
||